|
|
|
|
| LEADER |
00000naa2a2200000 4500 |
| 001 |
93888 |
| 005 |
20240126160714.0 |
| 035 |
|
|
|a (RuTPU)RU\TPU\book\100578
|
| 090 |
|
|
|a 93888
|
| 100 |
|
|
|a 20060404d2005 k y0rusy50 ca
|
| 101 |
0 |
|
|a rus
|
| 102 |
|
|
|a RU
|
| 200 |
1 |
|
|a Использование компьютерных технологий технического черчения на примере конструирования торцевого ключа для зажима заготовки детали в патроне с учётом новых требований
|f Д. С. Щербинин, Б. А. Франковский, С. П. Буркова
|
| 320 |
|
|
|a Библиогр.: 4 назв.
|
| 461 |
|
1 |
|0 (RuTPU)RU\TPU\book\96566
|t Современные техника и технологии
|o 11-я международная научно-практическая конференция студентов, аспирантов и молодых ученых, г. Томск, 29-марта - 2 апреля 2005 г.: труды
|f Томский политехнический университет
|d 2005
|
| 463 |
|
0 |
|0 (RuTPU)RU\TPU\book\96163
|t Т. 1
|v С. 241-243
|d 2005
|p 404 с.
|
| 610 |
1 |
|
|a техническое черчение
|
| 610 |
1 |
|
|a черчение
|
| 610 |
1 |
|
|a конструирование
|
| 610 |
1 |
|
|a заготовка деталей
|
| 610 |
1 |
|
|a компьютерные технологии
|
| 610 |
1 |
|
|a труды учёных ТПУ
|
| 700 |
|
1 |
|a Щербинин
|b Д. С.
|
| 701 |
|
1 |
|a Франковский
|b Б. А.
|c специалист в области начертательной геометрии
|c доцент Томского политехнического университета
|f 1937-
|g Борис Анатольевич
|3 (RuTPU)RU\TPU\pers\26486
|
| 701 |
|
1 |
|a Буркова
|b С. П.
|c специалист в области инженерной графики и начертательной геометрии
|c доцент Томского политехнического университета, кандидат технических наук
|f 1960-
|g Светлана Петровна
|3 (RuTPU)RU\TPU\pers\27880
|9 12896
|
| 801 |
|
1 |
|a RU
|b 63413507
|c 20060404
|g PSBO
|
| 801 |
|
2 |
|a RU
|b 63413507
|c 20151203
|g RCR
|
| 942 |
|
|
|c BK
|